Sporenie bez poistenia

Pravidelným šetrením k vyšším výnosom. Sporiace schémy správcovských spoločností. Príspevky do podielového fondu. Spôsob platenia poplatkov. Výber programu sporenia. Oznámenie zmeny výšky príspevku.

Gespeichert in:
Bibliographische Detailangaben
1. Verfasser: Škriniar, Pavel, 1979-
Format: Buchkapitel
Sprache:Slowakisch
Schlagworte:
Tags: Tag hinzufügen
Keine Tags, Fügen Sie das erste Tag hinzu!

MARC

LEADER 00000naa$a2200000$$$4500
001 0059927
005 20240502071649.1
041 0 |a slo 
044 |a SK 
245 1 0 |a Sporenie bez poistenia  |c Pavel Škriniar 
520 |a Pravidelným šetrením k vyšším výnosom. Sporiace schémy správcovských spoločností. Príspevky do podielového fondu. Spôsob platenia poplatkov. Výber programu sporenia. Oznámenie zmeny výšky príspevku. 
610 2 0 |a sporenie obyvateľstva 
610 2 0 |a fondy podielové 
610 2 0 |a spoločnosti správcovské 
610 2 0 |a klienti 
100 1 |a Škriniar, Pavel, 1979-